| 000 | 00342nam a22001337a 4500 | ||
|---|---|---|---|
| 005 | 20260226141811.0 | ||
| 020 | _a9789390680757 | ||
| 082 | _a635.9 LAV.F | ||
| 100 |
_aLaurie, Alex _911066 |
||
| 245 | _aFloriculture fundamentals and practices / | ||
| 260 |
_aJaipur : _bHilltop publications , _cc2024. |
||
| 300 | _a526 p. | ||
| 942 |
_2ddc _cBK |
||
| 999 |
_c757129 _d757129 |
||